| 000 | 00427nam a2200169Ia 4500 | ||
|---|---|---|---|
| 005 | 20250521152927.0 | ||
| 008 | 231217s9999 xx 000 0 und d | ||
| 020 | _a9780070534759 | ||
| 082 | _a001.6424UNI DAS;140 | ||
| 100 | _aDas, Sumitabha. | ||
| 245 | 0 | _aUnix : concepts and applications | |
| 250 | _a3rd ed. | ||
| 260 |
_c2003 _bTata McGraw-Hill _aNew Delhi |
||
| 300 | _axxiv, 673 | ||
| 650 | _aUnix | ||
| 942 | _cAA | ||
| 999 |
_c193149 _d193149 |
||